| 000 | 00517nam a22001937a 4500 | ||
|---|---|---|---|
| 003 | OSt | ||
| 005 | 20140310182041.0 | ||
| 008 | 130816t xxu||||| |||| 00| 0 eng d | ||
| 050 |
_aF 1219.3.R38 _b.Sp75 1994 |
||
| 082 |
_aHS 398.2 _b.Sp3 1994 |
||
| 100 |
_aSpence, Lewis _911149 |
||
| 245 |
_aMexico and Peru : _cLewis Spence |
||
| 260 |
_aLondon : _bSenate, _cc1994. |
||
| 300 |
_a366 p. : _bill. ; _c22 cm. |
||
| 541 | _j1 | ||
| 600 |
_a Lewis Spence _911150 |
||
| 650 |
_aMyths _911151 |
||
| 942 |
_2lcc _cHS |
||
| 999 |
_c8785 _d8785 |
||